Quizzes
Events
Quiz Creation
Community
Videos
Private Events
Remove Ads
Sign In
Join for FREE
Feedback
Dark Mode
Quiz Categories
Sports
Geography
Music
Movies
Television
Just For Fun
Miscellaneous
History
Literature
Language
Science
Gaming
Entertainment
Religion
Holiday
For Kids
Quiz Lab
Recent
Popular Today
Quiz Kudos Today
Editor Picks
Curator Picks
Quizzes by...
Day
Popularity
Type
Ratings
Length
Year
Community
Subscriptions
Recent Discussions
Orange Saloon
Badges
Playlists
Quests
Create
Leaderboards
Showdown
Live 5
Trivia Bingo
Activity
Puzzle Library
Sporcle Events
Private Events
Virtual Trivia
Globe League
Become a Host
Pub Owners
SporcleCon
Opinionation
Our Games
Videos
Blog
Mobile Apps
Partnerships
Remove Ads and Go Orange
Feedback
Music
Pop Music
The Beatles
Song
Album
Lyrics
Bands
Singers
Artist
Clip
Rock
Rap
Classical
Billboard
Country Music
Kpop
Taylor Swift
Music
Pop Music
The Beatles
Song
Album
Lyrics
Bands
Singers
Artist
Clip
Rock
Rap
Classical
Billboard
Country Music
Kpop
Taylor Swift
Random Quiz
Search Sporcle
×
Quiz Lab
Quiz Lab
Music
Army
Type in answers that appear in a list
Type in answers that appear in a list
Classic
Best Score? Go Orange.
Are you true A.R.M.Y? (BTS) Stats
Are you true BTS A.R.M.Y
By
nadeen2008
10m
20 Questions
3,852 Plays
3,852 Plays
3,852 Plays
Comments
Comments
Give Quiz Kudos
Give Quiz Kudos
-
- Ratings
hide this ad
More Info
Replay
Link that replays current quiz
Next Quiz
Link to next quiz in quiz playlist
You Got
0%
They Got
Avg Score
76%
Avg Friend Score
Upgrade to see
Score Distribution
Jump to the score distribution portion of the page
Score
0/20
Timer
10:00
0
Plays Today
Hint
Answer
% Correct
who's the maknae?
jungkook
99.3%
who's jimin's favorite member?
jungkook
99.3%
who's the member who have as and muscles but doesn't show it
jungkook
99.3%
who's the oldest member?
jin
99.1%
who's the worst in dancing
jin
99.1%
who's most popular with guys
jimin
97.2%
who's the member with the killer abs
jimin
97.2%
who's insecure about his cheecks?
jimin
97.2%
who's most likely to do aegyo
j-hope
96.7%
who's the best dancer
j-hope
96.7%
Hint
Answer
% Correct
who looks most different without make up?
j-hope
96.7%
who's the leader
rap monster
94.1%
who got into a fight scene with jungkook
suga
88.5%
what's jungkook's nickname
kookie
74.4%
how old is the maknae?
19
73.6%
who is most popular with girls
v
43%
what's the name of their most recent album song?
run
32%
what's suga's nickname
motionless min
26.9%
what's their favorite song to dance to?
up and down
12.1%
what's v's nickname
aleine v
7.6%
Quiz Playlist
Details
Report
Send in Message
Add To Playlist
More Info:
if you get 90% pls add me on twitter jiminie_kookie my ultimate bias is kookie for sure who's yours??
Classic:
Type in answers that appear in a list
Last Updated: Jul 3, 2018
Quiz Scoreboard
CHALLENGE
Sign Up to Join the Scoreboard
Show All
Scores
Hide
Comments
May contain spoilers
Recently Published
Billboard Blitz: Fleetwood Mac
by CooCooCachoo
Music
15s
Presidents Visiting Landmarks
by Hejman
History
7m
An Introduction to Baseball
by treessimontrees
Sports
5m
More to Explore
Quiz From the Vault
Featured Blog Post
Where Did the Easter Bunny Come From?
hide this ad
You Might Also Like...
Tags
Army
Today's Top Quizzes in Music
Browse Music
hide this ad
Today's Top Quizzes in Army
Browse Army
Top Contributed Quizzes in Music
1
Taylor Swift All Songs (2024)
2
Guess the Artist- 70s Songs
3
7-to-1: Billboard Hot 100 #1 Hits of 2010s
4
Sorting Albums and Songs
5
Taylor Swift Logic Puzzle
6
KPOP LOGIC QUIZ
7
2010s Album by Cover III
8
One Thing in Common: Music
9
Guess the Taylor Swift song (Mystery Song)
10
Guess The Taylor Swift Lyrics Song #1
Explore More
Trending Topics
Harry Potter
NBA
Anime
Crossword
Disney
Marvel
Kpop
Puzzle
Pokémon
WWE
The Office
Soccer
NFL
Country
Song
hide this ad
More By:
nadeen2008
Quiz
Plays
Rating
Category
Featured
Created
are you true A.R.M.Y? (BTS)
3,852
1.00
Music
Dec 20, 2015
Go to Creator's Profile
Score Distribution
Quiz Creator Spotlight
nadeen2008
Follow
Send a Message
Quizzes Created
-
Created Quiz Play Count
-
More By This Creator
Popular Quizzes Today
1
Find the US States - No Outlines Minefield
2
Find the Countries of Europe - No Outlines Minefield
3
The Countries of the World
4
Find the US States
5
US States
6
Popular People in 1961
7
Risky Map Clicking: Biggest States A-Z
8
Movies - When Are They Set?
More Music Quizzes
Kpop Crossword
Quiz Lab
Trending Quizzes
Risky Map Clicking: Least Populous States A-Z
1-10 Letter G Words
1-10 Letter F Words
Risky Map Clicking: Next State Alphabetically
Risky Map Clicking: Biggest States A-Z
Recently Updated
Leaping Animals
pecheneg
Reality TV Shows (A-Z)
bhenderson79
Rickey Henderson's Hall of Fame Teammates
pecheneg
Champions League XIs: Arsenal
pecheneg
Quick Pick: Celebrities in WWE's Hall of Fame
aduchscher
A-Z Keypad Blitz II
pecheneg
Multiple Oscar Actors
pecheneg
Mystery Phrase Blitz: Oscar 'Best Actors'
pecheneg
F. Scott Fitzgerald Novels
LTH
Pick 3 Villains
ddd62291
Trending Topics
Harry Potter
Marvel
NBA
Crossword
Disney
Kpop
Anime
Soccer
WWE
Pokémon
The Office
Song
NFL
Puzzle
Country
Your Account Isn't Verified!
In order to create a playlist on Sporcle, you need to verify the email address you used during registration. Go to your
Sporcle Settings
to finish the process.
Report this User
Report this user for behavior that violates our
Community Guidelines
.
Details:
Send Report
Go to the Sporcle.com Mobile Site →
Comments